BD CHAURASIA'S HUMAN ANATOMY: REGIONAL AND APPLIED, DISSECTION AND CLINICAL: BRAIN-NEUROANATOMY (Record no. 192812)

MARC details
000 -LEADER
fixed length control field 00679nam a2200205Ia 4500
003 - CONTROL NUMBER IDENTIFIER
control field OSt
005 - DATE AND TIME OF LATEST TRANSACTION
control field 20250818143354.0
020 ## - INTERNATIONAL STANDARD BOOK NUMBER
International Standard Book Number 978-93-85915-48-2
040 ## - CATALOGING SOURCE
Transcribing agency LC
050 ## - LIBRARY OF CONGRESS CALL NUMBER
Classification number QM 23 .C354 2016 V.4
100 ## - MAIN ENTRY--PERSONAL NAME
Personal name CHIEF EDITOR: KRISHNA GARG
245 #0 - TITLE STATEMENT
Title BD CHAURASIA'S HUMAN ANATOMY: REGIONAL AND APPLIED, DISSECTION AND CLINICAL: BRAIN-NEUROANATOMY
250 ## - EDITION STATEMENT
Edition statement 7
260 ## - PUBLICATION, DISTRIBUTION, ETC.
Place of publication, distribution, etc. NEW DELHI,
Name of publisher, distributor, etc. CBS PUBLISHERS & DISTRIBUTORS PVT LTD,
Date of publication, distribution, etc. 2016,
300 ## - PHYSICAL DESCRIPTION
Extent XViii, 206 P, ILL
500 ## - GENERAL NOTE
General note INCLUDES BIBLIOGRAPHICAL REFERENCES AND INDEX
650 ## - SUBJECT ADDED ENTRY--TOPICAL TERM
Topical term or geographic name entry element Medical Sciences, Biology Textbook
700 ## - ADDED ENTRY--PERSONAL NAME
Personal name EDITORS:PRAGAT SHEEL MITTAL, MRUDULA CHANDRUPATLA
942 ## - ADDED ENTRY ELEMENTS (KOHA)
Koha item type Long Loan Book
Source of classification or shelving scheme Library of Congress Classification
Suppress in OPAC No
Holdings
Withdrawn status Lost status Source of classification or shelving scheme Damaged status Not for loan Collection Home library Current library Shelving location Date acquired Inventory number Total checkouts Total renewals Full call number Barcode Date due Date last seen Date last checked out Copy number Price effective from Koha item type
    Library of Congress Classification     Arts & Social Sciences Kisii University Library Kisii University Library On Display 09/15/2023 094027 10 3 QM 23 .C 354 2016 V.4 041312 05/08/2026 04/24/2026 04/24/2026 2 09/15/2023 Long Loan Book
    Library of Congress Classification     Medicine Kisii University Library Kisii University Library On Display 08/27/2025 094026 2   QM 23 .C 354 2016 V. 4 041313   04/20/2026 04/17/2026 1 08/27/2025 Long Loan Book